000 00856cam a2200313 4500
008 000000n2000 000 0 eng u
020 _a1860813339
035 _a(Sirsi) u110120
050 _a729.28
100 _aLittlefair, P.J.
245 _aEnvironmental site layout planning: Solar access, microclimate and passive cooling in urban areas.
260 _aWatford
_bCRC
_c2000
300 _aviii, 151p. ; 30cm.
490 _aBR
_v380
650 _aURBAN DESIGN
650 _aSOLAR ENERGY
650 _aVENTILATION
650 _aNATURAL LIGHTING
650 _aSITE LAYOUT
650 _aSUNLIGHT
650 _aDESIGN
650 _aGREEN BUILDINGS
650 _aEnvironment
_96238
690 _aBUILT ENVIRONMENT
700 _aSantamouris, M.
700 _aAlvarez, S.
710 _aBuilding Research Establishment
942 _n0
999 _c101054
_d101054